000 00227nam a2200097Ia 4500
008 240331s9999 xx 000 0 und d
082 _bPON
100 _aPonnambalam,M
245 0 _aMutintupona tacaiyatal patriya katai
942 _cL
999 _c1314
_d1314